| 000 | 00343nam a2200145Ia 4500 | ||
|---|---|---|---|
| 008 | 230711s9999||||xx |||||||||||||| ||und|| | ||
| 041 | _aENG | ||
| 082 |
_a800 _bMI-D |
||
| 100 | _aNicholson,Louise | ||
| 245 | 4 | _aThe red fort delhi | |
| 250 | _a1st . Ed. | ||
| 260 |
_c1989 _aLondon _bTauris Parke Books |
||
| 650 | _aArchitecture | ||
| 942 | _cBK | ||
| 999 |
_c1247 _d1247 |
||